Statistics for Megadeth Discography

Click here to take the quiz!

General Stats

  • This quiz has been taken 19 times
  • The average score is 12 of 16

Answer Stats

Release YearAlbum% Correct
1992Countdown to Extinction
94%
1986Peace Sells. . . But Who's Buying?
94%
1990Rust In Peace
94%
1985Killing Is My Business. . . And Business Is Good!
89%
1994Youthanasia
89%
1988So far, So good. . . So what!
78%
2011TH1RT3EN
72%
2022The Sick, The Dying. . . And The Dead!
72%
1997Cryptic Writings
67%
2016Dystopia
67%
2009Endgame
67%
1999Risk
67%
2013Super Colider
61%
2001The World Needs A Hero
61%
2007United Abominations
61%
2004The System has Failed
56%

Score Distribution

Percentile by Number Answered

Percent of People with Each Score

Your Score History

You have not taken this quiz